00287nam a22000977a 4500008004100000082001600041100002600057245008400083260001400167300000800181230626b xxu||||| |||| 00| 0 eng d a332.46bCBK cCentral Bank of Kenya aThe First monetary Policy StatementbIssued under the central Bank of Kenya Act bCBKc1997 a13p